[Event "Interprovincial Match"]
[Site "Halifax CAN"]
[Date "1999.08.14"]
[Round "2"]
[White "Bowes, Richard"]
[Black "Urquhart, Eddie"]
[Result "0-1"]
[WhiteElo "2018"]
[BlackElo "2198"]
[PlyCount "82"]
[GameId "2160767911742463"]
[EventDate "1999.08.14"]
[EventType "team"]
[EventRounds "5"]
[EventCountry "CAN"]

1. e4 e6 2. d4 d5 3. exd5 exd5 4. Nf3 Bg4 5. Be2 Bd6 6. O-O Ne7 7. h3 Bf5 8. Bd3 O-O 9. Bxf5 Nxf5 10. Qd3 g6 11. Nc3 c6 12. Ne2 Qc7 13. b3 Nd7 14. Bb2 Rfe8 15. Rfe1 Rad8 16. Nc3 b5 17. Rxe8+ Rxe8 18. Ne2 Qb6 19. Qd2 Nf6 20. Rb1 b4 21. c4 bxc3 22. Nxc3 Bb4 23. Qd3 Bxc3 24. Bxc3 Ne4 25. Rc1 Re6 26. Bb2 Nfd6 27. Qc2 Nf5 28. g4 Ne7 29. Ne5 f6 30. Nd3 Qc7 31. Ba3 Nc8 32. Nc5 Nxc5 33. Qxc5 Ne7 34. Qc2 Kf7 35. Qd2 g5 36. Rc2 Ng6 37. Bc1 Nf4 38. Qc3 Ne2+ 39. Rxe2 Rxe2 40. a3 Qe7 41. Be3 Qe4 0-1

[Event "Interprovincial Match"]
[Site "Halifax CAN"]
[Date "1999.08.14"]
[Round "2"]
[White "Gulati, Justin"]
[Black "Mathers, Jim"]
[Result "1/2-1/2"]
[WhiteElo "2045"]
[BlackElo "2082"]
[PlyCount "37"]
[GameId "2160767911742464"]
[EventDate "1999.08.14"]
[EventType "team"]
[EventRounds "5"]
[EventCountry "CAN"]

1. e4 Nc6 2. Nc3 Nf6 3. d4 e5 4. dxe5 Nxe5 5. f4 Nc6 6. e5 Ng8 7. Nf3 d6 8. Bb5 Bd7 9. O-O Nh6 10. Re1 dxe5 11. Qd5 Qe7 12. Nxe5 O-O-O 13. Be3 Nxe5 14. Bxa7 c6 15. Qd4 cxb5 16. Nd5 Qd6 17. fxe5 Qc6 18. Nb6+ Kc7 19. Nd5+ 1/2-1/2

[Event "Interprovincial Match"]
[Site "Halifax CAN"]
[Date "1999.08.14"]
[Round "2"]
[White "Howarth, Anthony"]
[Black "Teichmann, Erik"]
[Result "1-0"]
[WhiteElo "2279"]
[BlackElo "2368"]
[PlyCount "67"]
[GameId "2160767911742465"]
[EventDate "1999.08.14"]
[EventType "team"]
[EventRounds "5"]
[EventCountry "CAN"]

1. Nf3 e6 2. g3 f5 3. Bg2 Nf6 4. O-O c6 5. d4 Be7 6. Nbd2 O-O 7. Ne1 d5 8. Nd3 b6 9. Nf3 Bb7 10. Bf4 Ne4 11. h4 Bf6 12. Nfe5 Na6 13. c3 Rc8 14. Qa4 g5 15. hxg5 Bxg5 16. Bf3 Bxf4 17. Nxf4 Qd6 18. Kg2 Rc7 19. Rh1 Rf6 20. Rh5 b5 21. Qa5 b4 22. Bxe4 fxe4 23. Rg5+ Kf8 24. e3 c5 25. Rh1 bxc3 26. bxc3 cxd4 27. cxd4 Qb4 28. Qxc7 Nxc7 29. Rxh7 Ke8 30. Rxc7 Kd8 31. Nxe6+ Rxe6 32. Rd7+ Kc8 33. Rg8+ Re8 34. Rxe8# 1-0

[Event "Interprovincial Match"]
[Site "Halifax CAN"]
[Date "1999.08.14"]
[Round "2"]
[White "MacDonald, Jonathan"]
[Black "Pentz, Brian"]
[Result "0-1"]
[WhiteElo "2065"]
[BlackElo "2016"]
[PlyCount "90"]
[GameId "2160767911742466"]
[EventDate "1999.08.14"]
[EventType "team"]
[EventRounds "5"]
[EventCountry "CAN"]

1. e4 d6 2. d4 Nf6 3. Nc3 g6 4. f4 Bg7 5. Nf3 O-O 6. e5 dxe5 7. dxe5 Qxd1+ 8. Kxd1 Rd8+ 9. Ke1 Nd5 10. Nxd5 Rxd5 11. Be3 Nc6 12. Bc4 Rd8 13. Ng5 e6 14. Kf2 h6 15. Nf3 b6 16. g4 Bb7 17. Rhd1 Rxd1 18. Rxd1 Rd8 19. Rxd8+ Nxd8 20. Nd4 a6 21. b4 b5 22. Bb3 Nc6 23. Nxc6 Bxc6 24. Ba7 Bf8 25. c3 Bh1 26. Ke3 Be7 27. Bc2 Bd5 28. a3 Kf8 29. Kd4 Bh4 30. Ke3 Be1 31. Bd4 Ke8 32. Be4 Bxe4 33. Kxe4 Bd2 34. Be3 Bxc3 35. f5 g5 36. h4 gxh4 37. Bxh6 h3 38. Bf4 Bb2 39. g5 Bxa3 40. g6 fxg6 41. fxg6 Bxb4 42. Kf3 Kf8 43. Kg4 Bc3 44. Kh5 b4 45. Kh6 Kg8 0-1

[Event "Interprovincial Match"]
[Site "Halifax CAN"]
[Date "1999.08.14"]
[Round "2"]
[White "Mayo, Alvah"]
[Black "McKim, Fred"]
[Result "1/2-1/2"]
[WhiteElo "2068"]
[BlackElo "2109"]
[PlyCount "86"]
[GameId "2160767911742467"]
[EventDate "1999.08.14"]
[EventType "team"]
[EventRounds "5"]
[EventCountry "CAN"]

1. e4 c5 2. Nf3 d6 3. Bb5+ Bd7 4. Bxd7+ Qxd7 5. O-O Nc6 6. Re1 e6 7. c3 Be7 8. d4 d5 9. Nbd2 cxd4 10. cxd4 dxe4 11. Nxe4 Rd8 12. Be3 Nf6 13. Nc5 Bxc5 14. dxc5 Qxd1 15. Raxd1 Rxd1 16. Rxd1 Nd5 17. Bg5 h6 18. Bh4 f5 19. g4 g5 20. gxf5 gxh4 21. fxe6 Nf6 22. Nxh4 Rg8+ 23. Kf1 Rg5 24. b4 Ke7 25. Nf3 Rd5 26. Re1 Nxb4 27. Rb1 Nc6 28. Rxb7+ Kxe6 29. Rc7 Rxc5 30. Nd4+ Kd6 31. Rf7 Nd7 32. Nb3 Rh5 33. Kg2 Nb4 34. a4 Nc6 35. Nd2 Rh4 36. f3 Nce5 37. Rh7 Rxa4 38. Rxh6+ Kd5 39. Ne4 Kd4 40. Nd6 Ra2+ 41. Kg3 a5 42. h4 a4 43. h5 Kd5 1/2-1/2

[Event "Interprovincial Match"]
[Site "Halifax CAN"]
[Date "1999.08.14"]
[Round "3"]
[White "Mayo, Alvah"]
[Black "MacDonald, Jonathan"]
[Result "0-1"]
[WhiteElo "2068"]
[BlackElo "2065"]
[PlyCount "82"]
[GameId "2160767911742468"]
[EventDate "1999.08.14"]
[EventType "team"]
[EventRounds "5"]
[EventCountry "CAN"]

1. d4 d5 2. Nf3 Nf6 3. Bf4 e6 4. Nbd2 b6 5. e3 Bb7 6. Bd3 Bd6 7. c3 O-O 8. O-O Nbd7 9. Re1 Re8 10. Ne5 Nf8 11. Bg5 Be7 12. f4 Ng6 13. Bxf6 gxf6 14. Nef3 f5 15. Kh1 c5 16. Ne5 f6 17. Nxg6 hxg6 18. g4 Kf7 19. gxf5 exf5 20. Rg1 Rh8 21. Qf3 Qd7 22. Rg3 Rh6 23. Rag1 Rah8 24. Nf1 Rg8 25. Rh3 Rgh8 26. Rhg3 c4 27. Bb1 Qe8 28. Qg2 g5 29. Bxf5 Qa4 30. fxg5 fxg5 31. Qf3 Ke8 32. Bb1 Bd6 33. R3g2 Bc8 34. Rd2 g4 35. Qxd5 Qd7 36. Be4 Rh5 37. Qxc4 b5 38. Qd3 Kd8 39. Ng3 Rh3 40. Bf5 Qxf5 41. e4 Qh7 0-1

[Event "Interprovincial Match"]
[Site "Halifax CAN"]
[Date "1999.08.14"]
[Round "3"]
[White "Pentz, Brian"]
[Black "Gulati, Justin"]
[Result "1-0"]
[WhiteElo "2016"]
[BlackElo "2045"]
[PlyCount "77"]
[GameId "2160767911742469"]
[EventDate "1999.08.14"]
[EventType "team"]
[EventRounds "5"]
[EventCountry "CAN"]

1. f4 c5 2. e3 d5 3. Nf3 Nc6 4. Be2 g6 5. O-O Bg7 6. d3 Nf6 7. Qe1 Qc7 8. Nc3 Bf5 9. Bd1 Bg4 10. Bd2 O-O-O 11. a4 Rhe8 12. Nb5 Qb8 13. Ne5 Bxd1 14. Qxd1 Nxe5 15. fxe5 Qxe5 16. Nxa7+ Kb8 17. Nb5 Bh6 18. Qe2 d4 19. e4 Bxd2 20. Qxd2 Ng4 21. g3 Qh5 22. Rxf7 g5 23. Raf1 Qg6 24. Qa5 Qa6 25. Qc7+ Ka8 26. Qxd8+ Rxd8 27. Nc7+ Ka7 28. Nxa6 Kxa6 29. Rxe7 Ne3 30. Rf6+ b6 31. Rff7 Ra8 32. c3 Nd1 33. cxd4 Nxb2 34. dxc5 bxc5 35. Rf6+ Ka5 36. Rb7 Nxd3 37. Rfb6 Nb4 38. Rb5+ Kxa4 39. Rxc5 1-0

[Event "Interprovincial Match"]
[Site "Halifax CAN"]
[Date "1999.08.14"]
[Round "3"]
[White "Urquhart, Eddie"]
[Black "Howarth, Anthony"]
[Result "0-1"]
[WhiteElo "2198"]
[BlackElo "2279"]
[PlyCount "80"]
[GameId "2160767911742470"]
[EventDate "1999.08.14"]
[EventType "team"]
[EventRounds "5"]
[EventCountry "CAN"]

1. e4 g6 2. Nc3 Bg7 3. Bc4 c6 4. d3 d6 5. a4 Nf6 6. Qf3 O-O 7. Nge2 Nbd7 8. Bf4 a5 9. Ba2 Nh5 10. g3 Rb8 11. Qg2 b5 12. axb5 cxb5 13. Be3 Nc5 14. h4 b4 15. Nd1 b3 16. Bxc5 bxc2 17. Ba3 cxd1=Q+ 18. Rxd1 Be6 19. Bxe6 fxe6 20. Rd2 Qb6 21. O-O Bd4 22. Nxd4 Qxd4 23. Kh2 Rb3 24. Rfd1 e5 25. Kg1 Kg7 26. Kh2 Rf7 27. Qf1 Nf6 28. Qe2 h5 29. f3 g5 30. hxg5 Nh7 31. f4 exf4 32. Qxh5 fxg3+ 33. Kh3 Qe3 34. Qh6+ Kg8 35. Qg6+ Kf8 36. Kg2 Nxg5 37. Qh6+ Ke8 38. Qh8+ Kd7 39. Qh5 Rf2+ 40. Rxf2 Qxf2+ 0-1

[Event "Interprovincial Match"]
[Site "Halifax CAN"]
[Date "1999.08.15"]
[Round "4"]
[White "Howarth, Anthony"]
[Black "Mathers, Jim"]
[Result "1/2-1/2"]
[WhiteElo "2279"]
[BlackElo "2082"]
[PlyCount "58"]
[GameId "2160767911742471"]
[EventDate "1999.08.14"]
[EventType "team"]
[EventRounds "5"]
[EventCountry "CAN"]

1. Nf3 d6 2. d4 Nf6 3. g3 g6 4. b3 Bg7 5. Bb2 O-O 6. Bg2 Nbd7 7. O-O e5 8. dxe5 Ng4 9. h3 Ngxe5 10. Nxe5 Nxe5 11. Nc3 Bd7 12. f4 Nc6 13. Rb1 Ne7 14. e4 Bc6 15. Ne2 Bxb2 16. Rxb2 f5 17. Nd4 Bd7 18. c4 fxe4 19. g4 Nc6 20. Bxe4 Qf6 21. Rd2 Rae8 22. Nxc6 Rxe4 23. Nb4 Rxf4 24. Rxf4 Qxf4 25. Nd5 Qg3+ 26. Rg2 Qf3 27. Qd4 h6 28. Kh2 Bc6 29. Ne7+ Kh7 1/2-1/2

[Event "Interprovincial Match"]
[Site "Halifax CAN"]
[Date "1999.08.15"]
[Round "5"]
[White "Kenney, Jason"]
[Black "Gulati, Justin"]
[Result "1-0"]
[WhiteElo "1981"]
[BlackElo "2045"]
[PlyCount "89"]
[GameId "2160767911742472"]
[EventDate "1999.08.14"]
[EventType "team"]
[EventRounds "5"]
[EventCountry "CAN"]

1. e4 c6 2. d4 d5 3. f3 g6 4. Nc3 Bg7 5. Be3 Nf6 6. e5 Nfd7 7. f4 b6 8. Nf3 e6 9. Ne2 Ba6 10. g3 c5 11. c3 Bxe2 12. Bxe2 c4 13. O-O Nc6 14. Rf2 b5 15. g4 Qb6 16. f5 Ndxe5 17. Nxe5 Bxe5 18. fxe6 fxe6 19. a4 Bd6 20. axb5 Qxb5 21. Rb1 Na5 22. b4 Nc6 23. Bg5 Be7 24. Bxe7 Nxe7 25. Qf1 O-O-O 26. Ra1 Nc6 27. Bd1 Kb8 28. Rf7 Qb6 29. Ba4 Rc8 30. Bxc6 Rxc6 31. Qf6 Rhc8 32. Rxh7 R8c7 33. Qxg6 e5 34. Qe8+ Kb7 35. Rxc7+ Qxc7 36. Qxe5 Qd7 37. h3 Re6 38. Qf5 Qd6 39. Qf3 Rf6 40. Qg2 Re6 41. Ra5 Re4 42. Qf2 Rf4 43. Rxd5 Qh6 44. Qg2 Kb6 45. Rd7 1-0

[Event "Interprovincial Match"]
[Site "Halifax CAN"]
[Date "1999.08.15"]
[Round "5"]
[White "MacDonald, Jonathan"]
[Black "Urquhart, Eddie"]
[Result "0-1"]
[WhiteElo "2065"]
[BlackElo "2198"]
[PlyCount "92"]
[GameId "2160767911742473"]
[EventDate "1999.08.14"]
[EventType "team"]
[EventRounds "5"]
[EventCountry "CAN"]

1. e4 e6 2. d4 d5 3. Nc3 Bb4 4. Nge2 dxe4 5. a3 Be7 6. Nxe4 Nf6 7. N2g3 O-O 8. c3 Nbd7 9. Bd3 b6 10. O-O Bb7 11. Qe2 c5 12. dxc5 Nxc5 13. Nxf6+ Bxf6 14. Bc2 Qd5 15. f3 Ba6 16. Be4 Bxe2 17. Bxd5 Bxf1 18. Bxa8 Bxg2 19. Be4 Nxe4 20. Kxg2 Nxg3 21. hxg3 Rd8 22. Be3 Rd5 23. a4 g6 24. Kf2 h5 25. Ke2 Be5 26. f4 Bc7 27. c4 Rd7 28. b4 e5 29. fxe5 Bxe5 30. Rg1 f6 31. c5 bxc5 32. bxc5 Kf7 33. a5 Ke6 34. c6 Rc7 35. Rc1 Kd5 36. Kf3 a6 37. Rd1+ Kxc6 38. Ke4 Bxg3 39. Rb1 Rb7 40. Rc1+ Kd6 41. Bc5+ Ke6 42. Bd4 Rd7 43. Rc6+ Rd6 44. Rc1 f5+ 45. Kd3 Bf2 46. Re1+ Kf7 0-1

[Event "Interprovincial Match"]
[Site "Halifax CAN"]
[Date "1999.08.15"]
[Round "5"]
[White "Pentz, Brian"]
[Black "Howarth, Anthony"]
[Result "1/2-1/2"]
[WhiteElo "2016"]
[BlackElo "2279"]
[PlyCount "36"]
[GameId "2160767911742474"]
[EventDate "1999.08.14"]
[EventType "team"]
[EventRounds "5"]
[EventCountry "CAN"]

1. f4 e5 2. fxe5 d6 3. Nf3 dxe5 4. e4 Nf6 5. Bc4 Bc5 6. Qe2 O-O 7. d3 Nc6 8. Bg5 Bg4 9. c3 Qe7 10. Nbd2 Nd8 11. h3 Bxf3 12. Qxf3 Ne6 13. Bh4 c6 14. Rf1 b5 15. Bb3 Rad8 16. Bc2 Qd6 17. Bxf6 gxf6 18. Qxf6 Nf4 1/2-1/2

[Event "Jack Taylor mem"]
[Site "Victoria CAN"]
[Date "1999.11.20"]
[Round "1"]
[White "Stanford, Mike"]
[Black "Hardy, Justin"]
[Result "1-0"]
[WhiteElo "1972"]
[BlackElo "1435"]
[PlyCount "43"]
[GameId "2160767911741821"]
[EventDate "1999.11.20"]
[EventType "swiss"]
[EventRounds "5"]
[EventCountry "CAN"]

1. e4 e6 2. d4 d5 3. Nd2 dxe4 4. Nxe4 Nd7 5. Nf3 Ngf6 6. Bd3 Be7 7. c3 b6 8. Nxf6+ Nxf6 9. Ne5 O-O 10. Nc6 Qd6 11. Nxe7+ Qxe7 12. O-O h6 13. Re1 Bb7 14. Re3 Rad8 15. Qe2 Rd5 16. Rg3 Kh8 17. Bd2 Qd6 18. Rh3 e5 19. Bg5 Bc8 20. Bxf6 Qxf6 21. Qe4 g6 22. Qxd5 1-0

[Event "Jack Taylor mem"]
[Site "Victoria CAN"]
[Date "1999.11.20"]
[Round "1"]
[White "Yoos, John"]
[Black "Leku, Eset"]
[Result "1-0"]
[WhiteElo "2464"]
[BlackElo "1632"]
[PlyCount "113"]
[GameId "2160767911741822"]
[EventDate "1999.11.20"]
[EventType "swiss"]
[EventRounds "5"]
[EventCountry "CAN"]

1. e4 d6 2. d4 b6 3. c3 Bb7 4. Nd2 e5 5. Ngf3 Nd7 6. Bd3 Ngf6 7. O-O Be7 8. Re1 O-O 9. Nf1 h6 10. Ng3 c5 11. h3 Re8 12. Nf5 Bf8 13. d5 Nh7 14. Nh2 Ndf6 15. Bb5 Re7 16. Nxe7+ Qxe7 17. b4 a6 18. Bd3 Qc7 19. Qe2 b5 20. bxc5 Qxc5 21. Bd2 Qb6 22. a4 bxa4 23. Rxa4 Qc7 24. Rea1 Qc8 25. Bxa6 Bxa6 26. Rxa6 Rxa6 27. Rxa6 Ne8 28. Rb6 Nhf6 29. Nf1 Nd7 30. Rb4 Ndf6 31. Qb5 Nc7 32. Qc6 Qd8 33. Be3 Nce8 34. Bb6 Qd7 35. Qxd7 Nxd7 36. Ba7 g6 37. Ne3 Kg7 38. f3 Kf6 39. Rb7 Ke7 40. Nc4 Kd8 41. Na5 Kc8 42. Be3 f5 43. Ra7 Nc7 44. c4 f4 45. Bf2 g5 46. Nc6 h5 47. Be1 Nc5 48. Ba5 N5a6 49. Nb4 Kb8 50. Nxa6+ Kxa7 51. Nxc7 Kb7 52. Ne6 Be7 53. Bd8 Bxd8 54. Nxd8+ Kb6 55. Ne6 Ka5 56. c5 dxc5 57. d6 1-0

[Event "Jack Taylor mem"]
[Site "Victoria CAN"]
[Date "1999.11.20"]
[Round "2"]
[White "Aquino, Manfrei"]
[Black "Yoos, John"]
[Result "0-1"]
[WhiteElo "1955"]
[BlackElo "2464"]
[PlyCount "64"]
[GameId "2160767911741823"]
[EventDate "1999.11.20"]
[EventType "swiss"]
[EventRounds "5"]
[EventCountry "CAN"]

1. d4 Nf6 2. c4 g6 3. Nc3 Bg7 4. e4 d6 5. Be2 O-O 6. Nf3 e5 7. dxe5 dxe5 8. Qxd8 Rxd8 9. Bg5 c6 10. Nxe5 Re8 11. f4 Na6 12. O-O-O Nc5 13. Bxf6 Bxf6 14. Rd6 Bxe5 15. fxe5 a5 16. Rhd1 Be6 17. b3 Kf8 18. Kc2 Rec8 19. Kb2 Ke7 20. a4 h5 21. R1d2 Nd7 22. Bf3 Nxe5 23. Ne2 Bxc4 24. Nf4 Ra6 25. Kc3 Bd5 26. R6xd5 cxd5+ 27. Kd4 Nxf3+ 28. gxf3 dxe4 29. Nd5+ Kf8 30. fxe4 Rc1 31. Rf2 Kg7 32. h4 Re6 0-1

[Event "Jack Taylor mem"]
[Site "Victoria CAN"]
[Date "1999.11.20"]
[Round "3"]
[White "Yoos, John"]
[Black "Carlisle, Michael"]
[Result "1-0"]
[WhiteElo "2464"]
[BlackElo "2047"]
[PlyCount "57"]
[GameId "2160767911741824"]
[EventDate "1999.11.20"]
[EventType "swiss"]
[EventRounds "5"]
[EventCountry "CAN"]

1. e4 c5 2. Nf3 Nc6 3. d4 cxd4 4. Nxd4 Nf6 5. Nc3 e5 6. Ndb5 d6 7. Bg5 a6 8. Na3 b5 9. Bxf6 gxf6 10. Nd5 f5 11. Bd3 Qg5 12. g3 Kd8 13. c3 f4 14. Nc2 Bh6 15. a4 bxa4 16. Rxa4 f5 17. Rg1 Rg8 18. Ncb4 Nxb4 19. Rxb4 Rg7 20. Qb1 fxe4 21. Bxe4 Rga7 22. Ke2 Qh5+ 23. f3 Be6 24. Rg2 fxg3 25. hxg3 Qf7 26. Qd3 Rb7 27. Rxb7 Qxb7 28. Nb4 Qc7 29. Bxa8 1-0

[Event "Jack Taylor mem"]
[Site "Victoria CAN"]
[Date "1999.11.21"]
[Round "4"]
[White "Kostadinov, George"]
[Black "Yoos, John"]
[Result "0-1"]
[WhiteElo "2167"]
[BlackElo "2464"]
[PlyCount "96"]
[GameId "2160767911741825"]
[EventDate "1999.11.20"]
[EventType "swiss"]
[EventRounds "5"]
[EventCountry "CAN"]

1. d4 d6 2. Nc3 Nf6 3. Bg5 Nbd7 4. Nf3 h6 5. Bh4 g6 6. e4 Bg7 7. Bc4 e5 8. dxe5 dxe5 9. Qe2 c6 10. O-O-O Qe7 11. g4 Nc5 12. g5 hxg5 13. Bxg5 Bg4 14. h4 Ne6 15. Qe3 Bxf3 16. Qxf3 Nxg5 17. hxg5 Nh5 18. Kb1 Nf4 19. Rxh8+ Bxh8 20. Qh1 Bg7 21. Qh7 Kf8 22. a3 Nh5 23. Be2 Nf4 24. Qh4 Rd8 25. Rxd8+ Qxd8 26. Bc4 Qd7 27. Bf1 Kg8 28. Kc1 Bf8 29. Ne2 Nh5 30. f4 Bc5 31. Qh3 Qxh3 32. Bxh3 Be3+ 33. Kd1 Bxf4 34. Bc8 b6 35. Bb7 c5 36. Nxf4 Nxf4 37. b4 Ne6 38. bxc5 Nxc5 39. Bc6 Ne6 40. Kd2 Kf8 41. Kc3 Ke7 42. Kc4 Kd6 43. Bb7 Nxg5 44. a4 Ne6 45. Kb5 Nc7+ 46. Kb4 f5 47. Kc4 f4 48. Bc8 Ne6 0-1

[Event "Jack Taylor mem"]
[Site "Victoria CAN"]
[Date "1999.11.21"]
[Round "5"]
[White "Stanford, Mike"]
[Black "Moisseev, Dmitri"]
[Result "1/2-1/2"]
[WhiteElo "1972"]
[BlackElo "1926"]
[PlyCount "41"]
[GameId "2160767911741826"]
[EventDate "1999.11.20"]
[EventType "swiss"]
[EventRounds "5"]
[EventCountry "CAN"]

1. e4 e5 2. Nf3 Nc6 3. Bb5 a6 4. Ba4 Nf6 5. O-O d6 6. h3 Be7 7. Re1 b5 8. Bb3 Na5 9. d4 Nxb3 10. axb3 exd4 11. Nxd4 Bb7 12. Nc3 O-O 13. Nf5 b4 14. Nxe7+ Qxe7 15. Nd5 Nxd5 16. exd5 Qf6 17. Be3 Rfe8 18. Qd2 Qf5 19. Red1 a5 20. c4 Qg6 21. Qd3 1/2-1/2

[Event "Jean-Pierre Roy mem"]
[Site "Hull CAN"]
[Date "1999.10.19"]
[Round "1"]
[White "Hebert, Yves"]
[Black "Lacourse, Guy"]
[Result "0-1"]
[WhiteElo "1255"]
[BlackElo "1625"]
[PlyCount "74"]
[GameId "2160767911741978"]
[EventDate "1999.10.19"]
[EventType "swiss"]
[EventRounds "4"]
[EventCountry "CAN"]
[SourceTitle "EXT 2022"]
[Source "ChessBase"]
[SourceDate "2021.10.06"]
[SourceVersion "1"]
[SourceVersionDate "2021.10.06"]
[SourceQuality "1"]

1. c4 Nf6 2. g3 g6 3. Bg2 Bg7 4. Nc3 d6 5. e4 O-O 6. Nge2 c6 7. O-O e5 8. h3 Be6 9. d3 Qc8 10. g4 Na6 11. f4 exf4 12. Bxf4 Qd7 13. Nd4 Nc7 14. Nxe6 fxe6 15. Qd2 e5 16. Be3 Ne6 17. Ne2 Qc7 18. Rf2 Rae8 19. Raf1 Nd7 20. Bh6 Nd4 21. Bxg7 Kxg7 22. Nxd4 exd4 23. b4 b6 24. Qb2 c5 25. a3 Rxf2 26. Rxf2 Rf8 27. Rxf8 Kxf8 28. Qf2+ Kg7 29. Qg3 Ne5 30. g5 cxb4 31. axb4 a5 32. bxa5 bxa5 33. h4 a4 34. Bf1 a3 35. Qe1 Qb8 36. Qa1 Qb2 37. Qe1 Nf3+ 0-1

[Event "Jean-Pierre Roy mem"]
[Site "Hull CAN"]
[Date "1999.10.19"]
[Round "1"]
[White "Lemieux, Richard"]
[Black "Coulombe, Julien"]
[Result "1-0"]
[WhiteElo "1731"]
[BlackElo "1411"]
[PlyCount "79"]
[GameId "2160767911741979"]
[EventDate "1999.10.19"]
[EventType "swiss"]
[EventRounds "4"]
[EventCountry "CAN"]

1. e4 e5 2. Nf3 Nc6 3. Bb5 a6 4. Ba4 b5 5. Bb3 Bc5 6. O-O Nf6 7. d3 O-O 8. Bg5 Be7 9. c3 d6 10. Nbd2 Be6 11. Bc2 d5 12. exd5 Nxd5 13. Bxe7 Qxe7 14. Re1 Bg4 15. Qe2 Rfe8 16. Qe4 Qe6 17. d4 Nf6 18. Qd3 Bxf3 19. Qxf3 Qd5 20. Qf5 exd4 21. Qh3 dxc3 22. Qxc3 Rxe1+ 23. Rxe1 Re8 24. Rxe8+ Nxe8 25. Be4 Qxa2 26. Qxc6 Kf8 27. Qc3 Qe6 28. Qc6 Qa2 29. Qc5+ Kg8 30. Qe7 Qe6 31. Qxe6 fxe6 32. Bc6 Nd6 33. Kf1 Nf5 34. Nb3 Nd6 35. Nc5 b4 36. Nxa6 Nc4 37. Nxb4 Nxb2 38. Na6 Nc4 39. Nxc7 e5 40. Bd5+ 1-0

[Event "Jean-Pierre Roy mem"]
[Site "Hull CAN"]
[Date "1999.10.19"]
[Round "1"]
[White "Levesque, Andre"]
[Black "Gaudet, Alain"]
[Result "1-0"]
[WhiteElo "1364"]
[BlackElo "1655"]
[PlyCount "103"]
[GameId "2160767911741980"]
[EventDate "1999.10.19"]
[EventType "swiss"]
[EventRounds "4"]
[EventCountry "CAN"]

1. e4 e6 2. Nf3 d5 3. Nc3 Nf6 4. d3 dxe4 5. dxe4 Qxd1+ 6. Kxd1 Bb4 7. Bd3 O-O 8. h3 a6 9. Bf4 Ba5 10. a3 Nbd7 11. Be3 Bb6 12. Bxb6 Nxb6 13. e5 Nfd5 14. Ne2 Rd8 15. Ng5 h6 16. Nf3 Nc4 17. Kc1 Ncb6 18. c4 Ne7 19. Rd1 Bd7 20. b3 c5 21. g4 Bc6 22. Nfg1 Ng6 23. Ra2 Nxe5 24. Nf4 Nxd3+ 25. Nxd3 Rd7 26. Rad2 Rad8 27. Nxc5 Rxd2 28. Rxd2 Rxd2 29. Kxd2 Kf8 30. Ne2 g5 31. Nd4 Bg2 32. Ke2 Ke7 33. f3 Nd7 34. Nxb7 Ne5 35. Nc5 Kd6 36. Nxa6 Nc6 37. Nxc6 Kxc6 38. b4 f5 39. a4 Bxh3 40. gxf5 Bxf5 41. b5+ Kb6 42. c5+ Ka7 43. c6 e5 44. Nc5 Kb6 45. Nd7+ Kc7 46. Nxe5 Bc2 47. a5 Ba4 48. b6+ Kd6 49. c7 Bb5+ 50. Nd3 Ba6 51. Ke3 Kc6 52. Nb4+ 1-0

[Event "Jean-Pierre Roy mem"]
[Site "Hull CAN"]
[Date "1999.10.19"]
[Round "1"]
[White "Massoulie, Francois"]
[Black "Laurin, Jacques"]
[Result "0-1"]
[WhiteElo "1445"]
[BlackElo "1934"]
[PlyCount "70"]
[GameId "2160767911741981"]
[EventDate "1999.10.19"]
[EventType "swiss"]
[EventRounds "4"]
[EventCountry "CAN"]
[SourceTitle "EXT 2022"]
[Source "ChessBase"]
[SourceDate "2021.10.06"]
[SourceVersion "1"]
[SourceVersionDate "2021.10.06"]
[SourceQuality "1"]

1. d4 e6 2. Nf3 Nf6 3. Bg5 Be7 4. e3 c5 5. c3 Qc7 6. Nbd2 b6 7. Rc1 d5 8. Bd3 c4 9. Bb1 Nbd7 10. O-O e5 11. Nxe5 Nxe5 12. dxe5 Qxe5 13. Nf3 Qd6 14. Bf4 Qd8 15. Nd4 Bd7 16. Qe2 O-O 17. Bg5 Re8 18. Bxf6 Bxf6 19. Qh5 g6 20. Qxd5 Rc8 21. Rcd1 Rc5 22. Qf3 Qe7 23. Rd2 Rg5 24. Nc6 Bxc6 25. Qxc6 Qe5 26. Qxc4 Rh5 27. g3 Rh3 28. Qe2 Qg5 29. Qf3 Qh6 30. Qg2 Re5 31. g4 Qh4 32. Rd3 Rg5 33. f3 Be5 34. Rfd1 Rxh2 35. f4 Rxg2+ 0-1

[Event "Jean-Pierre Roy mem"]
[Site "Hull CAN"]
[Date "1999.10.19"]
[Round "1"]
[White "Menard, Marc"]
[Black "Houde, Pascal"]
[Result "1-0"]
[WhiteElo "1695"]
[BlackElo "1116"]
[PlyCount "31"]
[GameId "2160767911741982"]
[EventDate "1999.10.19"]
[EventType "swiss"]
[EventRounds "4"]
[EventCountry "CAN"]

1. e4 e5 2. f4 d6 3. Nf3 Bg4 4. Bc4 Bxf3 5. Qxf3 Nc6 6. c3 Qd7 7. O-O f6 8. Qh5+ g6 9. Qh4 O-O-O 10. Qf2 Bh6 11. d4 f5 12. d5 Na5 13. Qxa7 Nc6 14. dxc6 Qxc6 15. Be6+ Qd7 16. Qa8# 1-0

[Event "Jean-Pierre Roy mem"]
[Site "Hull CAN"]
[Date "1999.10.19"]
[Round "1"]
[White "Prevost, Michel"]
[Black "Dessmark, Andres"]
[Result "0-1"]
[WhiteElo "1361"]
[BlackElo "1777"]
[PlyCount "62"]
[GameId "2160767911741983"]
[EventDate "1999.10.19"]
[EventType "swiss"]
[EventRounds "4"]
[EventCountry "CAN"]

1. d4 Nf6 2. Nc3 d5 3. g3 Bf5 4. Nf3 e6 5. Bf4 Bb4 6. Nd2 O-O 7. Bg2 Bxc3 8. bxc3 c5 9. Rb1 Qa5 10. Nf3 Nc6 11. O-O Qxc3 12. Rxb7 Bxc2 13. Qc1 cxd4 14. Ne5 Rab8 15. Bd2 Qc5 16. Rb2 Rxb2 17. Qxb2 Nxe5 18. Bb4 Qb6 19. Qa3 Nc4 20. Qc1 Qxb4 21. Qxc2 Rb8 22. Qc1 Qb2 23. Qf4 e5 24. Qc1 Qxe2 25. Re1 Qxa2 26. h4 d3 27. Qa1 d2 28. Rd1 Qxa1 29. Rxa1 Nb2 30. Bf3 Ne4 31. Rxa7 d1=Q+ 0-1

[Event "Jean-Pierre Roy mem"]
[Site "Hull CAN"]
[Date "1999.10.19"]
[Round "1"]
[White "Villeneuve, Luc"]
[Black "Thomann, Olivier"]
[Result "0-1"]
[WhiteElo "1441"]
[BlackElo "1768"]
[PlyCount "74"]
[GameId "2160767911741984"]
[EventDate "1999.10.19"]
[EventType "swiss"]
[EventRounds "4"]
[EventCountry "CAN"]
[SourceTitle "EXT 2022"]
[Source "ChessBase"]
[SourceDate "2021.10.06"]
[SourceVersion "1"]
[SourceVersionDate "2021.10.06"]
[SourceQuality "1"]

1. e4 e5 2. Nf3 Nc6 3. Bc4 Bc5 4. c3 Nf6 5. d3 d6 6. O-O Bg4 7. b4 Bb6 8. a4 a5 9. b5 Ne7 10. Bg5 Qd7 11. Nbd2 Ng6 12. Bxf6 gxf6 13. Qb3 Rg8 14. Ne1 Nf4 15. Kh1 Be2 16. d4 Bxf1 17. Bxf1 exd4 18. f3 dxc3 19. Qxc3 Nh3 20. Nd3 O-O-O 21. Nc4 Kb8 22. Nxb6 cxb6 23. gxh3 f5 24. e5 dxe5 25. Qxe5+ Ka7 26. Nf2 Qd2 27. Qe2 Qxe2 28. Bxe2 Rd2 29. Re1 Re8 30. Rf1 Rexe2 31. Kg1 Ra2 32. Kg2 Rxa4 33. Kg3 h5 34. h4 f4+ 35. Kg2 Raa2 36. Kg1 Rab2 37. Ne4 Rg2+ 0-1